[Event "2023 National K-12 Grade Championships"]
[Site "Orlando, Florida, United States"]
[Date "2023.12.17"]
[Round "6.1"]
[White "Lu, Maximillian"]
[Black "Huston, Gus"]
[Result "1/2-1/2"]
[TimeControl "G/90;d10"]
[WhiteElo "2436"]
[BlackElo "2481"]

1. Nf3 {[%clk 01:30:00]} {[%emt 00:00:06]} c5 {[%clk 01:28:39]} {[%emt
00:01:33]} 2. g3 {[%clk 01:28:44]} {[%emt 00:01:26]} d5 {[%clk 01:27:22]}
{[%emt 00:01:27]} 3. Bg2 {[%clk 01:28:44]} {[%emt 00:00:06]} g6 {[%clk
01:27:21]} {[%emt 00:00:12]} 4. c4 {[%clk 01:22:30]} {[%emt 00:06:24]} d4
{[%clk 01:24:25]} {[%emt 00:03:07]} 5. e3 {[%clk 01:22:07]} {[%emt 00:00:33]}
Bg7 {[%clk 01:24:25]} {[%emt 00:00:07]} 6. exd4 {[%clk 01:21:59]} {[%emt
00:00:18]} cxd4 {[%clk 01:24:25]} {[%emt 00:00:04]} 7. O-O {[%clk 01:21:31]}
{[%emt 00:00:37]} Nc6 {[%clk 01:23:35]} {[%emt 00:01:00]} 8. d3 {[%clk
01:21:26]} {[%emt 00:00:15]} Nf6 {[%clk 01:23:30]} {[%emt 00:00:15]} 9. Na3
{[%clk 01:14:45]} {[%emt 00:06:52]} O-O {[%clk 01:23:18]} {[%emt 00:00:22]} 10.
Nc2 {[%clk 01:13:18]} {[%emt 00:01:37]} a5 {[%clk 01:23:18]} {[%emt 00:00:05]}
11. b3 {[%clk 01:10:22]} {[%emt 00:03:06]} Nd7 {[%clk 01:22:04]} {[%emt
00:01:24]} 12. Ba3 {[%clk 01:07:00]} {[%emt 00:03:32]} Re8 {[%clk 01:13:54]}
{[%emt 00:08:21]} 13. Ng5 {[%clk 00:58:41]} {[%emt 00:08:28]} h6 {[%clk
01:12:51]} {[%emt 00:01:13]} 14. Ne4 {[%clk 00:54:30]} {[%emt 00:04:22]} Rb8
{[%clk 01:06:35]} {[%emt 00:06:25]} 15. Re1 {[%clk 00:53:08]} {[%emt 00:01:32]}
Nf8 {[%clk 00:54:07]} {[%emt 00:12:37]} 16. Qe2 {[%clk 00:52:01]} {[%emt
00:01:17]} Ne6 {[%clk 00:50:28]} {[%emt 00:03:50]} 17. f4 {[%clk 00:44:05]}
{[%emt 00:08:06]} Bd7 {[%clk 00:45:46]} {[%emt 00:04:52]} 18. Qf2 {[%clk
00:42:47]} {[%emt 00:01:26]} Qc7 {[%clk 00:37:51]} {[%emt 00:08:06]} 19. Nc5
{[%clk 00:27:20]} {[%emt 00:15:38]} Nxc5 {[%clk 00:36:10]} {[%emt 00:01:51]} 20.
Bxc5 {[%clk 00:27:20]} e5 {[%clk 00:25:02]} {[%emt 00:11:19]} 21. fxe5 {[%clk
00:20:50]} {[%emt 00:06:39]} Nxe5 {[%clk 00:24:17]} {[%emt 00:00:55]} 22. Bxd4
{[%clk 00:19:34]} {[%emt 00:01:27]} Nxd3 {[%clk 00:21:54]} {[%emt 00:02:33]} 23.
Rxe8+ {[%clk 00:19:34]} {[%emt 00:00:10]} Rxe8 {[%clk 00:21:54]} {[%emt
00:00:01]} 24. Qd2 {[%clk 00:18:43]} {[%emt 00:01:01]} Bxd4+ {[%clk 00:17:11]}
{[%emt 00:04:53]} 25. Nxd4 {[%clk 00:18:43]} {[%emt 00:00:02]} Bf5 {[%clk
00:17:05]} {[%emt 00:00:15]} 26. Nxf5 {[%clk 00:12:33]} {[%emt 00:06:20]} Qc5+
{[%clk 00:17:05]} {[%emt 00:00:07]} 27. Kh1 {[%clk 00:12:27]} {[%emt 00:00:16]}
Nf2+ {[%clk 00:14:47]} {[%emt 00:02:28]} 1/2-1/2

[Event "2023 National K-12 Grade Championships"]
[Site "Orlando, Florida, United States"]
[Date "2023.12.17"]
[Round "6.2"]
[White "Karthik, Advaith"]
[Black "Cruz, Jean Marco"]
[Result "1/2-1/2"]
[TimeControl "G/90;d10"]
[WhiteElo "2241"]
[BlackElo "2270"]

1. d4 {[%clk 01:30:00]} {[%emt 00:00:08]} Nf6 {[%clk 01:29:47]} {[%emt
00:00:23]} 2. c4 {[%clk 01:29:59]} {[%emt 00:00:12]} g6 {[%clk 01:28:42]}
{[%emt 00:01:14]} 3. Nc3 {[%clk 01:29:59]} {[%emt 00:00:06]} Bg7 {[%clk
01:28:42]} {[%emt 00:00:05]} 4. e4 {[%clk 01:29:59]} {[%emt 00:00:09]} d6
{[%clk 01:28:42]} {[%emt 00:00:04]} 5. Nf3 {[%clk 01:29:59]} {[%emt 00:00:07]}
O-O {[%clk 01:28:42]} {[%emt 00:00:05]} 6. Be2 {[%clk 01:29:59]} {[%emt
00:00:05]} c5 {[%clk 01:28:08]} {[%emt 00:00:45]} 7. d5 {[%clk 01:29:32]}
{[%emt 00:00:37]} e5 {[%clk 01:27:37]} {[%emt 00:00:41]} 8. O-O {[%clk
01:23:33]} {[%emt 00:06:08]} Ne8 {[%clk 01:27:10]} {[%emt 00:00:38]} 9. Ne1
{[%clk 01:21:05]} {[%emt 00:02:37]} f5 {[%clk 01:27:10]} {[%emt 00:00:07]} 10.
exf5 {[%clk 01:21:05]} {[%emt 00:00:03]} Bxf5 {[%clk 01:25:04]} {[%emt
00:02:16]} 11. Bd3 {[%clk 01:20:37]} {[%emt 00:00:37]} Nd7 {[%clk 01:24:23]}
{[%emt 00:00:51]} 12. Qc2 {[%clk 01:19:03]} {[%emt 00:01:44]} Nc7 {[%clk
01:11:09]} {[%emt 00:13:25]} 13. Nf3 {[%clk 01:15:48]} {[%emt 00:03:24]} h6
{[%clk 01:06:40]} {[%emt 00:04:39]} 14. Nd2 {[%clk 01:11:49]} {[%emt 00:04:10]}
Nf6 {[%clk 00:51:17]} {[%emt 00:15:33]} 15. Nde4 {[%clk 01:09:45]} {[%emt
00:02:13]} Nh5 {[%clk 00:49:22]} {[%emt 00:02:06]} 16. Ng3 {[%clk 01:00:13]}
{[%emt 00:09:42]} Bxd3 {[%clk 00:47:41]} {[%emt 00:01:51]} 17. Qxd3 {[%clk
01:00:13]} Nf4 {[%clk 00:47:41]} {[%emt 00:00:10]} 18. Qc2 {[%clk 01:00:13]}
{[%emt 00:00:06]} Qd7 {[%clk 00:44:24]} {[%emt 00:03:27]} 19. Nge4 {[%clk
00:52:01]} {[%emt 00:08:21]} Rad8 {[%clk 00:39:04]} {[%emt 00:05:30]} 20. g3
{[%clk 00:47:53]} {[%emt 00:04:18]} Nh5 {[%clk 00:38:48]} {[%emt 00:00:25]} 21.
Kg2 {[%clk 00:46:51]} {[%emt 00:01:12]} b5 {[%clk 00:31:12]} {[%emt 00:07:46]}
22. b3 {[%clk 00:46:51]} {[%emt 00:00:05]} b4 {[%clk 00:31:12]} {[%emt
00:00:05]} 23. Nd1 {[%clk 00:44:40]} {[%emt 00:02:20]} Nf4+ {[%clk 00:24:38]}
{[%emt 00:06:45]} 24. Kg1 {[%clk 00:43:34]} {[%emt 00:01:15]} Nh3+ {[%clk
00:23:34]} {[%emt 00:01:16]} 25. Kg2 {[%clk 00:43:34]} {[%emt 00:00:07]} Nf4+
{[%clk 00:23:34]} {[%emt 00:00:07]} 26. Kg1 {[%clk 00:42:31]} {[%emt 00:01:14]}
Nh3+ {[%clk 00:23:27]} {[%emt 00:00:16]} 27. Kg2 {[%clk 00:41:33]} {[%emt
00:01:08]} Nf4+ {[%clk 00:23:27]} {[%emt 00:00:06]} 1/2-1/2

[Event "2023 National K-12 Grade Championships"]
[Site "Orlando, Florida, United States"]
[Date "2023.12.17"]
[Round "6.3"]
[White "Casares, Jose"]
[Black "Hua, Charles"]
[Result "1-0"]
[TimeControl "G/90;d10"]
[WhiteElo "2051"]
[BlackElo "2197"]

1. e4 {[%clk 01:30:00]} {[%emt 00:00:02]} c5 {[%clk 01:30:00]} {[%emt
00:00:05]} 2. Nf3 {[%clk 01:30:00]} {[%emt 00:00:04]} e6 {[%clk 01:30:00]}
{[%emt 00:00:05]} 3. d4 {[%clk 01:30:00]} {[%emt 00:00:05]} cxd4 {[%clk
01:30:00]} {[%emt 00:00:05]} 4. Nxd4 {[%clk 01:30:00]} {[%emt 00:00:07]} a6
{[%clk 01:30:00]} {[%emt 00:00:05]} 5. Bd3 {[%clk 01:30:00]} {[%emt 00:00:06]}
Bc5 {[%clk 01:30:00]} {[%emt 00:00:06]} 6. Nb3 {[%clk 01:30:00]} {[%emt
00:00:05]} Ba7 {[%clk 01:30:00]} {[%emt 00:00:03]} 7. O-O {[%clk 01:30:00]}
{[%emt 00:00:08]} Nc6 {[%clk 01:30:00]} {[%emt 00:00:06]} 8. Qe2 {[%clk
01:30:00]} {[%emt 00:00:06]} d6 {[%clk 01:30:00]} {[%emt 00:00:05]} 9. Be3
{[%clk 01:29:57]} {[%emt 00:00:14]} Nf6 {[%clk 01:30:00]} {[%emt 00:00:08]} 10.
c4 {[%clk 01:28:43]} {[%emt 00:01:24]} O-O {[%clk 01:28:45]} {[%emt 00:01:26]}
11. Nc3 {[%emt 00:01:41]} Qc7 {[%emt 00:10:23]} 12. Bxa7 {[%clk 01:17:52]}
{[%emt 00:03:23]} Rxa7 {[%clk 01:24:23]} {[%emt 00:00:26]} 13. f4 {[%emt
00:07:46]} Nb4 {[%emt 00:09:18]} 14. Bb1 {[%emt 00:11:30]} d5 {[%emt 00:13:20]}
15. e5 {[%emt 00:05:27]} dxc4 {[%emt 00:00:40]} 16. exf6 {[%clk 00:55:42]}
{[%emt 00:00:28]} cxb3 {[%clk 00:59:14]} {[%emt 00:00:05]} 17. Bxh7+ {[%emt
00:02:02]} Kxh7 {[%clk 00:57:15]} {[%emt 00:01:27]} 18. Qh5+ {[%emt 00:01:40]}
1-0

[Event "2023 National K-12 Grade Championships"]
[Site "Orlando, Florida, United States"]
[Date "2023.12.17"]
[Round "6.4"]
[White "Senczakowicz-Gibo, Jake"]
[Black "Prem, Pranav S"]
[Result "1/2-1/2"]
[TimeControl "G/90;d10"]
[WhiteElo "2011"]
[BlackElo "2196"]

1. e4 {[%emt 00:11:22]} c5 {[%clk 01:18:25]} {[%emt 00:00:24]} 2. Nf3 {[%clk
01:30:00]} {[%emt 00:00:05]} d6 {[%emt 00:00:46]} 3. Bb5+ {[%emt 00:00:26]} Nd7
{[%clk 01:17:38]} {[%emt 00:00:04]} 4. Nc3 {[%emt 00:02:39]} a6 {[%clk
01:15:16]} {[%emt 00:00:05]} 5. Bxd7+ {[%emt 00:00:08]} Bxd7 {[%clk 01:15:16]}
{[%emt 00:00:02]} 6. d4 {[%clk 01:29:59]} {[%emt 00:00:03]} cxd4 {[%clk
01:15:12]} {[%emt 00:00:14]} 7. Qxd4 {[%emt 00:02:20]} e5 {[%clk 01:12:33]}
{[%emt 00:00:31]} 8. Qd3 {[%clk 01:29:59]} {[%emt 00:00:01]} h6 {[%emt
00:00:27]} 9. Nd2 {[%emt 00:03:59]} Nf6 {[%emt 00:21:00]} 10. Nc4 {[%emt
00:08:42]} Be6 {[%emt 00:10:57]} 11. Ne3 {[%emt 00:01:46]} Be7 {[%emt
00:10:18]} 12. O-O {[%emt 00:01:05]} O-O {[%emt 00:03:08]} 13. Rd1 {[%emt
00:07:57]} Rc8 {[%emt 00:05:09]} 14. Ncd5 {[%emt 00:28:22]} Nxd5 {[%clk
00:21:00]} {[%emt 00:00:14]} 15. Nxd5 {[%emt 00:03:04]} b5 {[%emt 00:07:38]} 16.
c3 {[%emt 00:02:23]} f5 {[%emt 00:01:55]} 17. Be3 {[%emt 00:06:56]} Bg5 {[%emt
00:05:53]} 18. Bxg5 {[%clk 00:26:06]} {[%emt 00:00:10]} Qxg5 {[%emt 00:01:30]}
19. exf5 {[%emt 00:00:34]} Bxf5 {[%emt 00:03:04]} 20. Qg3 {[%emt 00:00:41]}
Qxg3 {[%emt 00:00:34]} 21. hxg3 {[%emt 00:00:06]} Kf7 {[%emt 00:01:20]} 22. a4
{[%emt 00:00:46]} Bc2 {[%emt 00:00:54]} 23. Rd2 {[%clk 00:20:04]} {[%emt
00:00:08]} Bxa4 {[%emt 00:08:19]} 24. Ra3 {[%emt 00:01:30]} Ke6 {[%emt
00:00:53]} 25. Nb4 {[%emt 00:02:01]} a5 {[%clk 00:04:15]} {[%emt 00:00:08]} 26.
Na2 {[%emt 00:01:28]} d5 {[%emt 00:01:07]} 27. b3 {[%clk 00:09:17]} {[%emt
00:00:13]} b4 {[%emt 00:02:02]} 28. cxb4 {[%emt 00:01:03]} Bb5 {[%emt
00:00:46]} 29. Rxa5 {[%clk 00:06:33]} {[%emt 00:00:09]} Bc6 {[%emt 00:00:43]}
30. Ra6 {[%emt 00:00:05]} Kf5 {[%emt 00:02:11]} 31. Nc3 {[%clk 00:04:29]}
{[%emt 00:00:03]} d4 {[%clk 00:02:13]} {[%emt 00:00:11]} 32. Ne2 {[%emt
00:00:49]} Bb5 {[%emt 00:01:01]} 33. Ra5 {[%clk 00:03:48]} {[%emt 00:00:05]}
Rb8 {[%emt 00:00:24]} 34. f4 {[%emt 00:00:45]} Rfd8 {[%clk 00:01:12]} {[%emt
00:00:10]} 35. Kf2 {[%emt 00:01:13]} g5 {[%emt 00:00:05]} 36. g4+ {[%clk
00:02:10]} {[%emt 00:00:23]} Kxg4 {[%clk 00:00:36]} {[%emt 00:00:35]} 37. fxe5
{[%clk 00:02:10]} {[%emt 00:00:02]} Bxe2 {[%emt 00:00:24]} 38. Kxe2 {[%clk
00:01:47]} {[%emt 00:00:17]} Rxb4 {[%emt 00:01:21]} 39. Rd3 {[%emt 00:00:32]}
Kf4 {[%emt 00:00:01]} 40. Rf3+ Ke4 41. e6 1/2-1/2

[Event "2023 National K-12 Grade Championships"]
[Site "Orlando, Florida, United States"]
[Date "2023.12.17"]
[Round "6.5"]
[White "Vinod, Aarush"]
[Black "Chasin, Nico Werner"]
[Result "1-0"]
[TimeControl "G/90;d10"]
[WhiteElo "2210"]
[BlackElo "2514"]

1. e4 {[%clk 01:30:00]} c5 {[%clk 01:19:42]} {[%emt 00:10:29]} 2. Nc3 {[%clk
01:29:58]} {[%emt 00:00:13]} Nc6 {[%clk 01:19:01]} {[%emt 00:00:50]} 3. Bb5
{[%clk 01:29:58]} {[%emt 00:00:08]} Nd4 {[%clk 01:18:38]} {[%emt 00:00:32]} 4.
Nf3 {[%clk 01:29:58]} {[%emt 00:00:08]} a6 {[%clk 01:18:12]} {[%emt 00:00:37]}
5. Bd3 {[%clk 01:29:45]} {[%emt 00:00:22]} e6 {[%clk 01:18:00]} {[%emt
00:00:23]} 6. O-O {[%clk 01:29:38]} {[%emt 00:00:16]} Nc6 {[%clk 01:17:22]}
{[%emt 00:00:48]} 7. b3 {[%clk 01:28:01]} {[%emt 00:01:46]} g5 {[%clk
01:16:47]} {[%emt 00:00:45]} 8. Bb2 {[%clk 01:27:13]} {[%emt 00:00:58]} Bg7
{[%clk 01:16:18]} {[%emt 00:00:40]} 9. Na4 {[%clk 01:26:27]} {[%emt 00:00:56]}
Bxb2 {[%clk 01:16:02]} {[%emt 00:00:26]} 10. Nxb2 {[%clk 01:26:27]} {[%emt
00:00:05]} b5 {[%clk 01:13:31]} {[%emt 00:02:42]} 11. c3 {[%clk 01:17:29]}
{[%emt 00:09:08]} Rb8 {[%clk 01:08:16]} {[%emt 00:05:24]} 12. Rc1 {[%clk
01:11:19]} {[%emt 00:06:20]} d6 {[%clk 01:01:22]} {[%emt 00:07:05]} 13. Bb1
{[%clk 01:05:08]} {[%emt 00:06:21]} e5 {[%clk 00:59:48]} {[%emt 00:01:44]} 14.
b4 {[%clk 00:54:42]} {[%emt 00:10:36]} Bg4 {[%clk 00:57:33]} {[%emt 00:02:23]}
15. h3 {[%clk 00:50:02]} {[%emt 00:04:51]} Bxf3 {[%clk 00:51:50]} {[%emt
00:05:54]} 16. Qxf3 {[%clk 00:50:02]} {[%emt 00:00:05]} cxb4 {[%clk 00:51:50]}
{[%emt 00:00:04]} 17. cxb4 {[%clk 00:50:02]} {[%emt 00:00:06]} Nd4 {[%clk
00:51:50]} {[%emt 00:00:03]} 18. Qd3 {[%clk 00:47:18]} {[%emt 00:02:54]} h5
{[%clk 00:51:14]} {[%emt 00:00:46]} 19. Nd1 {[%clk 00:42:14]} {[%emt 00:05:13]}
g4 {[%clk 00:50:29]} {[%emt 00:00:55]} 20. Nc3 {[%clk 00:41:44]} {[%emt
00:00:41]} Qg5 {[%clk 00:49:15]} {[%emt 00:01:23]} 21. Qe3 {[%clk 00:37:14]}
{[%emt 00:04:41]} Qg7 {[%clk 00:46:16]} {[%emt 00:03:09]} 22. h4 {[%clk
00:33:00]} {[%emt 00:04:24]} Ne7 {[%clk 00:43:29]} {[%emt 00:02:56]} 23. Ne2
{[%clk 00:31:33]} {[%emt 00:01:36]} Nec6 {[%clk 00:40:57]} {[%emt 00:02:41]} 24.
Nxd4 {[%clk 00:30:54]} {[%emt 00:00:52]} Nxd4 {[%clk 00:40:57]} {[%emt
00:00:06]} 25. a3 {[%clk 00:30:31]} {[%emt 00:00:34]} Qf6 {[%clk 00:37:12]}
{[%emt 00:03:54]} 26. g3 {[%clk 00:29:34]} {[%emt 00:01:08]} Qf3 {[%clk
00:37:10]} {[%emt 00:00:12]} 27. Rc7 {[%clk 00:26:59]} {[%emt 00:02:45]} Rh7
{[%clk 00:32:51]} {[%emt 00:04:28]} 28. Kh2 {[%clk 00:21:43]} {[%emt 00:05:25]}
Kf8 {[%clk 00:29:21]} {[%emt 00:03:41]} 29. Ba2 {[%clk 00:21:31]} {[%emt
00:00:22]} a5 {[%clk 00:27:15]} {[%emt 00:02:17]} 30. bxa5 {[%clk 00:20:25]}
{[%emt 00:01:15]} Ra8 {[%clk 00:22:31]} {[%emt 00:04:53]} 31. Bd5 {[%clk
00:20:25]} {[%emt 00:00:10]} Rxa5 {[%clk 00:18:59]} {[%emt 00:03:41]} 32. Rc8+
{[%clk 00:20:24]} {[%emt 00:00:12]} Ke7 {[%clk 00:18:59]} {[%emt 00:00:06]} 33.
Qg5+ {[%clk 00:20:24]} {[%emt 00:00:05]} f6 {[%clk 00:18:59]} {[%emt 00:00:05]}
34. Qg8 {[%clk 00:20:24]} {[%emt 00:00:03]} 1-0

[Event "2023 National K-12 Grade Championships"]
[Site "Orlando, Florida, United States"]
[Date "2023.12.17"]
[Round "6.6"]
[White "Kaplan, Avi Harrison"]
[Black "Lancman, Kyle"]
[Result "1-0"]
[TimeControl "G/90;d10"]
[WhiteElo "2306"]
[BlackElo "2174"]

1. d4 {[%clk 01:30:00]} {[%emt 00:00:03]} Nf6 {[%clk 01:29:33]} {[%emt
00:00:38]} 2. c4 {[%clk 01:30:00]} {[%emt 00:00:08]} e6 {[%clk 01:29:26]}
{[%emt 00:00:18]} 3. Nc3 {[%clk 01:30:00]} {[%emt 00:00:05]} d5 {[%clk
01:29:26]} {[%emt 00:00:07]} 4. cxd5 {[%clk 01:30:00]} {[%emt 00:00:04]} exd5
{[%clk 01:29:26]} {[%emt 00:00:08]} 5. Bg5 {[%clk 01:30:00]} {[%emt 00:00:04]}
c6 {[%clk 01:29:26]} {[%emt 00:00:08]} 6. e3 {[%clk 01:30:00]} {[%emt
00:00:08]} h6 {[%clk 01:29:26]} {[%emt 00:00:08]} 7. Bh4 {[%clk 01:29:00]}
{[%emt 00:01:11]} Be7 {[%clk 01:29:26]} {[%emt 00:00:08]} 8. Bd3 {[%clk
01:28:41]} {[%emt 00:00:27]} O-O {[%clk 01:29:23]} {[%emt 00:00:13]} 9. Qc2
{[%clk 01:28:10]} {[%emt 00:00:41]} Re8 {[%clk 01:29:20]} {[%emt 00:00:13]} 10.
Nge2 {[%clk 01:28:07]} {[%emt 00:00:12]} Nbd7 {[%clk 01:29:20]} {[%emt
00:00:11]} 11. O-O {[%clk 01:27:29]} {[%emt 00:00:47]} a5 {[%clk 01:29:20]}
{[%emt 00:00:08]} 12. Rad1 {[%clk 01:22:57]} {[%emt 00:04:42]} b5 {[%clk
01:26:44]} {[%emt 00:02:46]} 13. f3 {[%clk 01:20:06]} {[%emt 00:03:01]} Ba6
{[%clk 01:21:56]} {[%emt 00:04:58]} 14. Kh1 {[%clk 01:18:51]} {[%emt 00:01:25]}
Nb6 {[%clk 01:10:25]} {[%emt 00:11:41]} 15. Bf2 {[%clk 01:17:15]} {[%emt
00:01:45]} Bf8 {[%clk 01:08:09]} {[%emt 00:02:27]} 16. Ng3 {[%clk 01:12:42]}
{[%emt 00:04:43]} a4 {[%clk 01:04:58]} {[%emt 00:03:22]} 17. a3 {[%clk
01:11:13]} {[%emt 00:01:39]} Qc8 {[%clk 00:57:34]} {[%emt 00:07:34]} 18. e4
{[%clk 01:03:55]} {[%emt 00:07:28]} b4 {[%clk 00:52:06]} {[%emt 00:05:38]} 19.
axb4 {[%clk 01:02:03]} {[%emt 00:02:01]} Bxb4 {[%clk 00:50:49]} {[%emt
00:01:27]} 20. e5 {[%clk 00:59:34]} {[%emt 00:02:39]} Bxd3 {[%clk 00:49:25]}
{[%emt 00:01:35]} 21. Rxd3 {[%clk 00:59:28]} {[%emt 00:00:15]} Nfd7 {[%clk
00:48:46]} {[%emt 00:00:49]} 22. f4 {[%clk 00:59:26]} {[%emt 00:00:13]} Nc4
{[%clk 00:38:32]} {[%emt 00:10:23]} 23. Nh5 {[%clk 00:47:28]} {[%emt 00:12:09]}
Kh8 {[%clk 00:29:21]} {[%emt 00:09:21]} 24. f5 {[%clk 00:45:44]} {[%emt
00:01:54]} Qa6 {[%clk 00:24:49]} {[%emt 00:04:42]} 25. Ra1 {[%clk 00:43:18]}
{[%emt 00:02:36]} Nxb2 {[%clk 00:22:49]} {[%emt 00:02:10]} 26. Rg3 {[%clk
00:42:05]} {[%emt 00:01:23]} Bxc3 {[%clk 00:20:58]} {[%emt 00:02:00]} 27. Rxc3
{[%clk 00:28:59]} {[%emt 00:13:17]} Rab8 {[%clk 00:19:05]} {[%emt 00:02:03]} 28.
Nxg7 {[%clk 00:27:09]} {[%emt 00:02:00]} Kxg7 {[%clk 00:17:19]} {[%emt
00:01:56]} 29. f6+ {[%clk 00:27:06]} {[%emt 00:00:12]} Kg8 {[%clk 00:14:50]}
{[%emt 00:02:40]} 30. Rg3+ {[%clk 00:27:01]} {[%emt 00:00:15]} Kh8 {[%clk
00:14:50]} {[%emt 00:00:09]} 31. Qd2 {[%clk 00:26:54]} {[%emt 00:00:15]} Qd3
{[%clk 00:13:10]} {[%emt 00:01:52]} 32. Rxd3 {[%clk 00:26:46]} {[%emt
00:00:19]} 1-0

[Event "2023 National K-12 Grade Championships"]
[Site "Orlando, Florida, United States"]
[Date "2023.12.17"]
[Round "6.7"]
[White "Bhandari, Krish"]
[Black "Levine, Joseph"]
[Result "0-1"]
[TimeControl "G/90;d10"]
[WhiteElo "2087"]
[BlackElo "2415"]

1. d4 {[%clk 01:30:00]} {[%emt 00:00:04]} Nf6 {[%clk 01:29:59]} {[%emt
00:00:12]} 2. Nf3 {[%clk 01:29:46]} {[%emt 00:00:23]} d5 {[%clk 01:29:59]}
{[%emt 00:00:07]} 3. c4 {[%clk 01:29:24]} {[%emt 00:00:32]} e6 {[%clk
01:29:59]} {[%emt 00:00:05]} 4. Nc3 {[%clk 01:29:24]} {[%emt 00:00:07]} dxc4
{[%clk 01:29:59]} {[%emt 00:00:04]} 5. e3 {[%clk 01:29:21]} {[%emt 00:00:11]}
a6 {[%clk 01:29:59]} {[%emt 00:00:05]} 6. Bxc4 {[%clk 01:29:18]} {[%emt
00:00:13]} b5 {[%clk 01:29:59]} {[%emt 00:00:04]} 7. Bd3 {[%clk 01:28:04]}
{[%emt 00:01:23]} Bb7 {[%clk 01:29:52]} {[%emt 00:00:18]} 8. O-O {[%clk
01:27:48]} {[%emt 00:00:25]} c5 {[%clk 01:28:40]} {[%emt 00:01:23]} 9. Qe2
{[%clk 01:26:49]} {[%emt 00:01:08]} Nbd7 {[%clk 01:17:29]} {[%emt 00:11:23]} 10.
Rd1 {[%clk 01:22:49]} {[%emt 00:04:09]} Qb8 {[%clk 01:11:21]} {[%emt 00:06:19]}
11. b3 {[%clk 01:20:01]} {[%emt 00:02:58]} Bd6 {[%clk 01:05:42]} {[%emt
00:05:49]} 12. h3 {[%clk 01:18:48]} {[%emt 00:01:20]} O-O {[%clk 01:04:52]}
{[%emt 00:01:02]} 13. Bb2 {[%clk 01:18:44]} {[%emt 00:00:14]} cxd4 {[%clk
00:57:47]} {[%emt 00:07:16]} 14. exd4 {[%clk 01:17:53]} {[%emt 00:01:00]} b4
{[%clk 00:54:03]} {[%emt 00:03:55]} 15. Na4 {[%clk 01:11:24]} {[%emt 00:06:39]}
Rc8 {[%emt 00:14:10]} 16. Re1 {[%clk 01:03:05]} {[%emt 00:04:19]} Nh5 {[%clk
00:35:05]} {[%emt 00:09:19]} 17. Bxh7+ {[%clk 00:24:46]} {[%emt 00:38:29]} Kxh7
{[%clk 00:30:43]} {[%emt 00:04:32]} 18. Ng5+ {[%clk 00:23:30]} {[%emt
00:01:26]} Kg6 {[%clk 00:30:06]} {[%emt 00:00:46]} 19. Nxe6 {[%clk 00:22:40]}
{[%emt 00:01:00]} fxe6 {[%clk 00:23:05]} {[%emt 00:07:12]} 20. Qg4+ {[%clk
00:20:42]} {[%emt 00:02:07]} Kh6 {[%clk 00:23:05]} {[%emt 00:00:10]} 21. Rxe6+
{[%clk 00:18:35]} {[%emt 00:02:17]} Ndf6 {[%clk 00:21:18]} {[%emt 00:01:57]} 22.
d5 {[%clk 00:05:54]} {[%emt 00:12:51]} Bxd5 {[%clk 00:18:05]} {[%emt 00:03:24]}
23. Bxf6 {[%clk 00:05:44]} {[%emt 00:00:20]} gxf6 {[%clk 00:17:16]} {[%emt
00:00:58]} 0-1